| 000 | 00881cam a22002533a 4500 | ||
|---|---|---|---|
| 001 | 14201 | ||
| 003 | PGUSA | ||
| 005 | 20140828083314.0 | ||
| 008 | 041129s2004||||xxu|||||s|||||000 1 eng d | ||
| 040 |
_aPGUSA _beng |
||
| 042 | _adc | ||
| 050 | 4 | _aPR | |
| 100 | 1 |
_aWalpole, Hugh, _cSir, _d1884-1941 |
|
| 245 | 1 | 4 |
_aThe Golden Scarecrow _h[electronic resource] / _cHugh, Walpole |
| 260 |
_bProject Gutenberg, _c2004 |
||
| 505 | 0 | _aPrologue: Hugh Seymour -- Henry Fitzgeorge Strether -- Ernest Henry -- Angelina -- Bim Rochester -- Nancy Ross -- 'Enery -- Barbara Flint -- Sarah Trefusis -- Young John Scarlet -- Epilogue. | |
| 506 | _aPublic domain in the USA. | ||
| 516 | _aElectronic text | ||
| 653 | _aLondon (England) -- Fiction | ||
| 653 | _aChildren -- Fiction | ||
| 830 | 0 |
_aProject Gutenberg _v14201 |
|
| 856 | 4 | 0 | _uhttp://www.gutenberg.org/ebooks/14201 |
| 942 | _cEB | ||
| 999 |
_c243456 _d243456 |
||